000 00270nam a22001217a 4500
008 170627b xxu||||| |||| 00| 0 eng d
041 _aeng
080 _a05
100 _a21
101 _aGJL
245 _aTHE BEDFORD HANDBOOK FOR WRITERS
_cHACKER, D
942 _2udc
_cBK
999 _c19197
_d19197